[Event "34.Schlosspark-Open"]
[Site "Wiesbaden-Biebrich"]
[Date "2025.08.29"]
[Round "3.56"]
[White "Brehme, Ralf-Peter"]
[Black "Vranckx, Gabriel"]
[Result "1/2-1/2"]
[WhiteElo "1948"]
[BlackElo "1622"]
[PlyCount "132"]
[EventDate "2025.08.28"]
[WhiteTeam "Vorw.Orient Mainz"]
[BlackTeam "Sfr.Mainz 1928"]

1. f4 d5 2. Nf3 Nc6 3. e3 Bg4 4. Bb5 a6 5. Bxc6+ bxc6 6. b3 e6 7. Bb2 Nf6 8. O-O Bd6 9. Qe1 Bf5 10. d3 O-O 11. Ne5 c5 12. Nd2 Bxe5 13. fxe5 Nd7 14. e4 Bg6 15. exd5 exd5 16. e6 fxe6 17. Qxe6+ Bf7 18. Qg4 Bg6 19. Rxf8+ Nxf8 20. Re1 d4 21. Nc4 Qd7 22. Qxd7 Nxd7 23. Re7 Rd8 24. Ne5 Bf5 25. Ba3 Nxe5 26. Rxe5 Bg4 27. Rxc5 Bd1 28. Rxc7 Re8 29. Bb2 Re1+ 30. Kf2 Re2+ 31. Kf1 Rxc2 32. Rxc2 Bxc2 33. Ke2 Bb1 34. a3 Ba2 35. b4 Bd5 36. g3 Kf7 37. Bxd4 g5 38. Bb6 g4 39. Ke3 Kg6 40. Kd4 Bb7 41. Kc5 Kf5 42. Kd6 Bf3 43. Kc5 Be2 44. Kd4 Bf3 45. Kc4 Bc6 46. Bc7 Bb5+ 47. Kd4 Bc6 48. Ke3 Bd5 49. Kd2 h5 50. Bd8 Ke5 51. Ke3 Bc6 52. Bc7+ Kd5 53. Bf4 Bb5 54. Kd2 Bc6 55. Bc7 Kd4 56. Bb6+ Ke5 57. Ke3 Kf5 58. d4 Bd5 59. Kd3 Be6 60. Bc7 Bd5 61. Be5 Be6 62. a4 Bd7 63. a5 Be6 64. Bf4 Bd5 65. Bc7 Be6 66. Ke3 Bd5 1/2-1/2

[Event "34.Schlosspark-Open"]
[Site "Wiesbaden-Biebrich"]
[Date "2025.08.29"]
[Round "3.57"]
[White "Depner, Michael"]
[Black "Böhnke, Marc"]
[Result "0-1"]
[WhiteElo "1723"]
[BlackElo "1921"]
[PlyCount "88"]
[EventDate "2025.08.28"]
[WhiteTeam "SK 1962 Ladenburg"]
[BlackTeam "Schachfreunde Eltville"]

1. e4 c5 2. g3 d6 3. Bg2 Nf6 4. d3 e6 5. f4 Be7 6. Nf3 Nc6 7. Nc3 O-O 8. O-O a6 9. h3 Rb8 10. Be3 d5 11. e5 d4 12. exf6 Bxf6 13. Bd2 dxc3 14. Bxc3 b5 15. Qe1 Nd4 16. Nxd4 Bxd4+ 17. Bxd4 Qxd4+ 18. Qf2 Bb7 19. Qxd4 cxd4 20. Rfe1 Rfc8 21. Re2 Rc5 22. Rc1 Kf8 23. Bxb7 Rxb7 24. Kf2 b4 25. Kf3 Ke7 26. g4 Rbc7 27. Ke4 Rd7 28. h4 f6 29. Kf3 Kd6 30. Rg2 e5 31. f5 Rdc7 32. Ke4 a5 33. b3 Rc3 34. Rh2 a4 35. bxa4 Ra3 36. Rb1 Rxa4 37. Rb2 Rca7 38. g5 Kc5 39. gxf6 gxf6 40. Rg2 Rxa2 41. Rxa2 Rxa2 42. Rg7 Ra1 43. Rxh7 Rf1 44. h5 Rf4# 0-1

[Event "34.Schlosspark-Open"]
[Site "Wiesbaden-Biebrich"]
[Date "2025.08.29"]
[Round "3.58"]
[White "Kobs, Stephan"]
[Black "Cimicky, Václav"]
[Result "1-0"]
[WhiteElo "1915"]
[BlackElo "1620"]
[PlyCount "71"]
[EventDate "2025.08.28"]
[WhiteTeam "TSG 1846 Bretzenheim/ZMO"]
[BlackTeam "Sfr Stiller Zug Wiesbaden"]

1. e4 c5 2. Nf3 Nc6 3. d4 cxd4 4. Nxd4 g6 5. c4 Bg7 6. Be3 d6 7. Nc3 Nf6 8. Be2 a6 9. O-O e5 10. Nc2 O-O 11. f3 Be6 12. Qd2 Rc8 13. b3 Qd7 14. Na4 Qc7 15. Bb6 Qb8 16. Rfd1 Ne8 17. c5 f5 18. cxd6 Nf6 19. Nc5 Bd7 20. Bc4+ Kh8 21. Ne6 Rfe8 22. Nxg7 Kxg7 23. exf5 Bxf5 24. Ne3 Bd7 25. Rac1 Nd8 26. Kh1 Nf7 27. Bc7 Qa7 28. Nd5 b5 29. Nxf6 Kxf6 30. Bd5 Nd8 31. Qh6 Rh8 32. Qh4+ g5 33. Qh6+ Kf5 34. Be4+ Kf4 35. g3+ Ke3 36. Qxg5+ 1-0

[Event "34.Schlosspark-Open"]
[Site "Wiesbaden-Biebrich"]
[Date "2025.08.29"]
[Round "3.59"]
[White "Piacentino, Mirco"]
[Black "Faulhaber, Tobias"]
[Result "0-1"]
[WhiteElo "1667"]
[BlackElo "1913"]
[PlyCount "90"]
[EventDate "2025.08.28"]
[WhiteTeam "SV 1934 Ffm-Griesheim"]
[BlackTeam "SC Schifferstadt"]

1. e4 e6 2. d4 d5 3. exd5 exd5 4. c4 Nf6 5. Nc3 Nc6 6. Bg5 dxc4 7. d5 Ne5 8. Qd4 Bd6 9. Bxc4 O-O 10. Ne4 Re8 11. Ne2 Bb4+ 12. Kf1 c5 13. Nxc5 Qc7 14. Bxf6 gxf6 15. Ne4 Qxc4 16. Nxf6+ Kf8 17. Nxe8 Qxd4 18. Nxd4 Kxe8 19. a3 Bc5 20. Nb3 Bd6 21. Nd4 Bd7 22. Ke2 Nc4 23. b4 Be5 24. Kd3 Nb2+ 25. Ke4 Bg7 26. Rab1 Nc4 27. Rhd1 Nxa3 28. Rb3 Ba4 29. Rg3 Bxd1 30. Rxg7 Kf8 31. Rxh7 Re8+ 32. Kd3 Ba4 33. Rh8+ Ke7 34. Rxe8+ Kxe8 35. Ke4 Ke7 36. Nf5+ Kf6 37. Nd6 b6 38. Nc8 Nb5 39. f4 Bc2+ 40. Ke3 Bf5 41. Nxb6 axb6 42. h3 Bc8 43. g4 Bb7 44. Ke4 Nc3+ 45. Kd4 Nxd5 0-1

[Event "34.Schlosspark-Open"]
[Site "Wiesbaden-Biebrich"]
[Date "2025.08.29"]
[Round "3.60"]
[White "Stehning, Toni"]
[Black "Duizendstra, Ben"]
[Result "0-1"]
[WhiteElo "1891"]
[BlackElo "1591"]
[PlyCount "76"]
[EventDate "2025.08.28"]
[WhiteTeam "SF Braunfels"]
[BlackTeam "SK Bad Schwalbach"]

1. e4 e6 2. d4 d5 3. e5 c5 4. c3 Qb6 5. Nf3 Nc6 6. Bd3 cxd4 7. O-O Bd7 8. Re1 Nge7 9. h4 Nf5 10. Bxf5 exf5 11. Nxd4 Bc5 12. Be3 Bxd4 13. Bxd4 Qxb2 14. Nd2 Nxd4 15. Rb1 Qxc3 16. e6 Nxe6 17. Re3 Qc7 18. Rc1 Bc6 19. Qh5 g6 20. Qh6 O-O-O 21. Rf3 Nd4 22. Re3 Rhe8 23. Qg7 Rxe3 24. Qxd4 Re6 25. Qxa7 Rde8 26. Nf3 Qf4 27. Qa3 Kd7 28. g3 Qd6 29. Qc3 f6 30. Nd4 Re4 31. Qd2 Qa3 32. Nb3 d4 33. f3 R4e5 34. Qxd4+ Qd6 35. Qf2 Re2 36. Nc5+ Kc8 37. Nxb7 Kxb7 38. Rb1+ Ka8 0-1

[Event "34.Schlosspark-Open"]
[Site "Wiesbaden-Biebrich"]
[Date "2025.08.29"]
[Round "3.64"]
[White "Wernicke, Dieter"]
[Black "Jansen, Malte"]
[Result "0-1"]
[WhiteElo "1631"]
[BlackElo "1891"]
[PlyCount "70"]
[EventDate "2025.08.28"]
[WhiteTeam "SV Mainspitze Ginsheim"]
[BlackTeam "SC Mattmeister Karben 1998"]

1. e4 e5 2. Nf3 Nc6 3. Bb5 a6 4. Ba4 Nf6 5. O-O Be7 6. Re1 b5 7. Bb3 d6 8. c3 O-O 9. h3 Re8 10. d3 h6 11. Nbd2 Bf8 12. Nf1 Na5 13. Bc2 c5 14. d4 Qc7 15. b3 cxd4 16. cxd4 Nc6 17. d5 Nb4 18. Bb1 a5 19. Re3 Na6 20. Bb2 Nc5 21. Ng3 Ba6 22. Ne1 b4 23. Nd3 Nfd7 24. Nf5 Kh7 25. Qg4 Bxd3 26. Bxd3 a4 27. Rc1 Qd8 28. Bb5 axb3 29. axb3 g6 30. Ng3 Re7 31. Bc6 Ra2 32. Ba1 Nf6 33. Qf3 Rea7 34. Ree1 h5 35. Qe3 Bh6 0-1

[Event "34.Schlosspark-Open"]
[Site "Wiesbaden-Biebrich"]
[Date "2025.08.29"]
[Round "3.65"]
[White "Urban, Michael"]
[Black "Türkboylari, Bahadir"]
[Result "1-0"]
[WhiteElo "1827"]
[BlackElo "2032"]
[PlyCount "133"]
[EventDate "2025.08.28"]
[WhiteTeam "Bergische SF Bergisch"]
[BlackTeam "SK Neuburg"]

1. d4 Nf6 2. Bf4 d5 3. e3 c5 4. dxc5 Nc6 5. Bb5 e6 6. b4 Be7 7. c3 O-O 8. Nd2 a5 9. a3 Bd7 10. Ngf3 Nxb4 11. cxb4 Bxb5 12. a4 Bd7 13. b5 Bxc5 14. O-O Qe7 15. Nb3 Bd6 16. Bg5 h6 17. Bh4 g5 18. Bg3 Bxg3 19. hxg3 Ne4 20. Ne5 Rfc8 21. Qh5 Kh7 22. Ng4 Rh8 23. Nd4 Be8 24. Qh2 f6 25. f3 Nd6 26. Nf2 Bg6 27. Qh3 Rae8 28. g4 Rc8 29. Rfc1 e5 30. Nf5 Bxf5 31. gxf5 Qd7 32. e4 d4 33. Nd3 b6 34. Nxe5 Qe8 35. Nc6 d3 36. Rd1 Nb7 37. Rxd3 Nc5 38. Rd6 Rxc6 39. Rxc6 Qd7 40. Kh2 h5 41. Qg3 Qd4 42. Qc7+ Kh6 43. Rd1 Nd3 44. Rxd3 Qa1 45. Rdc3 g4 46. Qf7 g3+ 47. Kxg3 Qe1+ 48. Kf4 Qh4+ 49. g4 Qh2+ 50. Ke3 Qg1+ 51. Kd2 Rd8+ 52. Rd3 Qf2+ 53. Kc1 Qe1+ 54. Kb2 Qb4+ 55. Rb3 Qd4+ 56. Rcc3 Qf2+ 57. Rc2 Qd4+ 58. Rbc3 Kg5 59. Qxh5+ Kf4 60. Qf7 Rd7 61. Qc4 Qe5 62. Kb3 Kg5 63. f4+ Kxf4 64. Rf2+ Kg5 65. Qg8+ Kh4 66. Qh8+ Kg5 67. Qh5# 1-0

[Event "34.Schlosspark-Open"]
[Site "Wiesbaden-Biebrich"]
[Date "2025.08.29"]
[Round "3.66"]
[White "Jakob, Steffen"]
[Black "Shtogrin, Joseph Stephan"]
[Result "1-0"]
[WhiteElo "1918"]
[BlackElo "1483"]
[PlyCount "55"]
[EventDate "2025.08.28"]
[WhiteTeam "Sges Bensheim 1931"]
[BlackTeam "SAbt TuS Makkabi Ffm"]

1. d4 d5 2. Nc3 Bf5 3. Bf4 Nf6 4. e3 e6 5. Nf3 Bb4 6. Bd3 O-O 7. O-O Bxd3 8. cxd3 Nbd7 9. Rc1 c5 10. Bd6 Re8 11. a3 Bxc3 12. Rxc3 cxd4 13. Bc7 Qe7 14. exd4 Rac8 15. Qc2 Nh5 16. Rc1 Nb6 17. Qb3 Qd8 18. Bxb6 axb6 19. Ne5 Rxc3 20. Rxc3 Qe7 21. Qc2 Nf4 22. g3 Nh3+ 23. Kg2 Ng5 24. Rc7 Qd6 25. Rc8 Qe7 26. Qc7 Kf8 27. Nd7+ Kg8 28. Nf6+ 1-0

[Event "34.Schlosspark-Open"]
[Site "Wiesbaden-Biebrich"]
[Date "2025.08.29"]
[Round "3.67"]
[White "Morgen, Andreas"]
[Black "Schild, Willi"]
[Result "1/2-1/2"]
[WhiteElo "1766"]
[BlackElo "2022"]
[PlyCount "81"]
[EventDate "2025.08.28"]
[WhiteTeam "SK Marburg 1931/72"]
[BlackTeam "Schachgemeinschaft Siebengebirge"]

1. e4 d5 2. exd5 Qxd5 3. Nc3 Qd6 4. d4 c6 5. Nf3 Nf6 6. Ne5 Nbd7 7. Nc4 Qc7 8. Bd3 b5 9. Ne3 e6 10. O-O Be7 11. Re1 O-O 12. Ng4 Bb7 13. Ne4 Rfe8 14. Bg5 Nxg4 15. Bxe7 Qxh2+ 16. Kf1 f5 17. Bd6 Qh1+ 18. Ke2 Qxg2 19. Rg1 Nxf2 20. Nxf2 Qd5 21. Bb4 e5 22. dxe5 Nxe5 23. Kf1 Nc4 24. Bxc4 Qxc4+ 25. Nd3 Rad8 26. Qd2 c5 27. Bc3 g6 28. Qh6 Rd7 29. Rxg6+ hxg6 30. Qxg6+ Kf8 31. Qh6+ Kg8 32. Qh8+ Kf7 33. Qg7+ Ke6 34. Qe5+ Kf7 35. Qf6+ Kg8 36. Qg6+ Kf8 37. Qh6+ Kg8 38. Kf2 Qg4 39. Qh8+ Kf7 40. Qf6+ Kg8 41. Qh8+ 1/2-1/2

[Event "34.Schlosspark-Open"]
[Site "Wiesbaden-Biebrich"]
[Date "2025.08.29"]
[Round "3.68"]
[White "Behr, Julian"]
[Black "Vilain, Philip"]
[Result "1/2-1/2"]
[WhiteElo "1898"]
[BlackElo "1767"]
[PlyCount "53"]
[EventDate "2025.08.28"]
[WhiteTeam "Sfr.Mainz 1928"]
[BlackTeam "SC Heitersheim"]

1. e4 e6 2. d4 d5 3. exd5 exd5 4. Bd3 Bd6 5. c3 Nc6 6. h3 Nge7 7. Qf3 Be6 8. Ne2 Qd7 9. Bf4 Bxf4 10. Nxf4 Bf5 11. Bb5 Be4 12. Qg3 Ng6 13. Nxg6 Bxg6 14. O-O O-O 15. Nd2 a6 16. Ba4 Rfe8 17. Rfe1 a5 18. Bb3 Ne7 19. Nf3 f6 20. Qf4 c6 21. Nh4 Bf7 22. Bc2 g5 23. Qg3 Bg6 24. Nxg6 Nxg6 25. Bxg6 hxg6 26. Qf3 Kf7 27. Kf1 1/2-1/2

[Event "34.Schlosspark-Open"]
[Site "Wiesbaden-Biebrich"]
[Date "2025.08.29"]
[Round "3.69"]
[White "Launert, Martin"]
[Black "Hübner, Kai"]
[Result "1-0"]
[WhiteElo "1855"]
[BlackElo "1763"]
[PlyCount "161"]
[EventDate "2025.08.28"]
[WhiteTeam "Schachfreunde Eltville"]
[BlackTeam "SC Flörsheim 1921"]

1. e4 d6 2. d4 Nf6 3. Nc3 Nbd7 4. Nf3 e5 5. Bc4 Be7 6. O-O h6 7. Bb3 c6 8. a4 Qc7 9. Re1 b6 10. d5 c5 11. Nb5 Qd8 12. c4 a6 13. Nc3 a5 14. Bc2 Nf8 15. h3 g5 16. Nb5 Ng6 17. Nh2 Bd7 18. Ra3 Qc8 19. f3 Nf4 20. Ng4 Nxg4 21. fxg4 Bxb5 22. axb5 Qd7 23. Bd2 Qc8 24. Rf1 Kd7 25. g3 Nxh3+ 26. Kg2 Nf4+ 27. gxf4 gxf4 28. Rh3 Qf8 29. Rfh1 Qg7 30. Qf3 Rag8 31. Bd1 Rh7 32. Rh5 Bg5 33. Kf1 f6 34. Be2 Ra8 35. R1h3 Qg6 36. Be1 Rg8 37. Qh1 Rgh8 38. Ra3 Ra8 39. b4 cxb4 40. Bxb4 Rhh8 41. Be1 Rhc8 42. Qf3 Qe8 43. Bf2 Rab8 44. Qh1 Qg6 45. Bd3 Ke7 46. Qg1 Rc5 47. Bxc5 dxc5 48. Rh3 Kd6 49. Qg2 Ra8 50. Bc2 Ra7 51. Ke2 Qg7 52. Ra1 Qg8 53. Kf3 Qe8 54. Rh2 Re7 55. Rah1 Rh7 56. Qh3 Rg7 57. Bd3 Qh8 58. Ke2 Qe8 59. Kd1 Qg8 60. Kc2 Qc8 61. Be2 Qa8 62. Qc3 Qe8 63. Rxh6 Bxh6 64. Rxh6 Qe7 65. Qh3 Kc7 66. Qh4 Rf7 67. Qh5 Qd7 68. Qf5 Qxf5 69. gxf5 Rg7 70. Rxf6 Rg2 71. Kd1 a4 72. Rc6+ Kb7 73. d6 a3 74. d7 Rg8 75. Kc2 Ra8 76. Kb1 Rd8 77. Rd6 Kc7 78. Rd5 a2+ 79. Kxa2 Ra8+ 80. Kb3 Kd8 81. f6 1-0

[Event "34.Schlosspark-Open"]
[Site "Wiesbaden-Biebrich"]
[Date "2025.08.29"]
[Round "3.70"]
[White "Froitzheim, Ralf"]
[Black "John, Volkmar"]
[Result "1/2-1/2"]
[WhiteElo "1851"]
[BlackElo "1756"]
[PlyCount "64"]
[EventDate "2025.08.28"]
[WhiteTeam "Schachgemeinschaft Niederkassel"]
[BlackTeam "SK Herborn 1946"]

1. c4 b6 2. Nc3 Bb7 3. e4 e5 4. g3 Nf6 5. Bg2 Nc6 6. d3 Be7 7. Nge2 Nd4 8. O-O O-O 9. h3 Nxe2+ 10. Qxe2 c6 11. f4 Bc5+ 12. Be3 Bxe3+ 13. Qxe3 d6 14. Rad1 Qe7 15. Kh2 Rad8 16. b3 c5 17. f5 Nd7 18. Qf2 f6 19. g4 Nb8 20. Nd5 Qf7 21. Ne3 Nc6 22. Rg1 Nd4 23. Bf1 Qe7 24. Qg3 h6 25. h4 Kf7 26. Kg2 Rh8 27. Kf2 Ke8 28. Ke1 Kd7 29. Kd2 Bc6 30. Nc2 a5 31. Nxd4 exd4 32. a4 Qe5 1/2-1/2

[Event "34.Schlosspark-Open"]
[Site "Wiesbaden-Biebrich"]
[Date "2025.08.29"]
[Round "3.71"]
[White "Meding, Olaf"]
[Black "Drygalla, Alexander"]
[Result "0-1"]
[WhiteElo "1842"]
[BlackElo "1689"]
[PlyCount "114"]
[EventDate "2025.08.28"]
[WhiteTeam "Sfr.Mainz 1928"]
[BlackTeam "Schachverein Merseburg"]

1. d4 Nf6 2. Nc3 d5 3. Bf4 Bf5 4. e3 e6 5. f3 Nh5 6. Nge2 Nxf4 7. Nxf4 g5 8. Nd3 Nd7 9. a3 c6 10. Qd2 g4 11. O-O-O gxf3 12. gxf3 Qf6 13. f4 O-O-O 14. Ne5 Nxe5 15. dxe5 Qh4 16. Bd3 Bg4 17. Rdf1 f6 18. exf6 Qxf6 19. Rhg1 Bh5 20. Rg5 Bf7 21. Nd1 h6 22. Rg2 Bd6 23. c3 Rhg8 24. Rfg1 Rxg2 25. Rxg2 Rg8 26. Rxg8+ Bxg8 27. Qg2 Bf7 28. Nf2 Bf8 29. Qg3 Qg7 30. Kd2 Kd7 31. e4 Qxg3 32. hxg3 h5 33. b4 a5 34. e5 axb4 35. axb4 Be7 36. Nh3 b6 37. Ng5 Ke8 38. Be2 Bxg5 39. fxg5 Kf8 40. Bd3 Kg7 41. Ke3 Bg6 42. Be2 c5 43. bxc5 bxc5 44. Bf1 Bf5 45. Be2 Kg6 46. Kf4 Be4 47. Bb5 Bc2 48. Be8+ Kg7 49. Bxh5 d4 50. cxd4 cxd4 51. Bf3 Kg6 52. Be4+ Bxe4 53. Kxe4 Kxg5 54. Kxd4 Kf5 55. g4+ Kxg4 56. Kc5 Kf4 57. Kd6 Kf5 0-1

[Event "34.Schlosspark-Open"]
[Site "Wiesbaden-Biebrich"]
[Date "2025.08.29"]
[Round "3.72"]
[White "Ziegler, Jörg"]
[Black "Gärtner, Johannes"]
[Result "0-1"]
[WhiteElo "1838"]
[BlackElo "1740"]
[PlyCount "88"]
[EventDate "2025.08.28"]
[WhiteTeam "SAbt BKA Wiesbaden"]
[BlackTeam "Sfr.Mainz 1928"]

1. d4 Nf6 2. Nf3 d5 3. Bf4 c5 4. c3 Nc6 5. h3 e6 6. e3 Bd6 7. Bxd6 Qxd6 8. Nbd2 O-O 9. Bd3 b6 10. O-O e5 11. dxe5 Nxe5 12. Nxe5 Qxe5 13. Nf3 Qc7 14. Re1 Bb7 15. Qe2 Rfe8 16. Bb5 Red8 17. Rad1 Rd6 18. Rd2 Rad8 19. Ba6 Ne4 20. Rdd1 Bxa6 21. Qxa6 c4 22. Nd4 Nc5 23. Qa3 Qd7 24. Re2 Rg6 25. Kh2 Ne4 26. Nf3 Qc7+ 27. Kh1 Nc5 28. Nd4 Qd7 29. Nf3 Nd3 30. b3 b5 31. bxc4 dxc4 32. Rdd2 Rf6 33. Nd4 a6 34. Kg1 Rg6 35. Kh2 Qd5 36. Nf3 Rdd6 37. e4 Qc6 38. e5 Rd7 39. e6 fxe6 40. Re3 Nf4 41. Rxd7 Rxg2+ 42. Kh1 Qxd7 43. Nd4 Qd5 44. f3 Qh5 0-1

[Event "34.Schlosspark-Open"]
[Site "Wiesbaden-Biebrich"]
[Date "2025.08.29"]
[Round "3.73"]
[White "Sefeloge, Michael"]
[Black "Wagner, Cosima Thien-An"]
[Result "0-1"]
[WhiteElo "1761"]
[BlackElo "1837"]
[PlyCount "27"]
[EventDate "2025.08.28"]
[WhiteTeam "SV Turm Lahnstein"]
[BlackTeam "TV Tegernsee"]

1. d4 d5 2. Nf3 Nf6 3. e3 e6 4. c4 c5 5. cxd5 Nxd5 6. dxc5 Bxc5 7. Bb5+ Bd7 8. Bxd7+ Nxd7 9. a3 O-O 10. Bd2 Rc8 11. O-O Qb6 12. Nc3 Qxb2 13. Nxd5 exd5 14. Bc1 0-1

[Event "34.Schlosspark-Open"]
[Site "Wiesbaden-Biebrich"]
[Date "2025.08.29"]
[Round "3.74"]
[White "Ziska, Stephan"]
[Black "Probstfeld, Bernd"]
[Result "1-0"]
[WhiteElo "1835"]
[BlackElo "1671"]
[PlyCount "85"]
[EventDate "2025.08.28"]
[WhiteTeam "SF Bürstadt"]
[BlackTeam "SG Pieroth/Burg Layen"]

1. e4 c5 2. c3 d6 3. d4 cxd4 4. cxd4 Nf6 5. Nc3 a6 6. Bg5 h6 7. Bh4 Nbd7 8. Nf3 Qa5 9. Bd3 e5 10. O-O Be7 11. a3 b5 12. b4 Qb6 13. d5 O-O 14. Rc1 Bb7 15. Nd2 g5 16. Bg3 Rac8 17. Nb3 Qd8 18. Na5 Ba8 19. h4 g4 20. Qd2 Kh7 21. a4 Qb6 22. axb5 Nh5 23. Kh2 Qd4 24. Ne2 Qb6 25. bxa6 Rxc1 26. Rxc1 Rb8 27. b5 Nc5 28. Nc4 Qd8 29. b6 Bxh4 30. Bxh4 Qxh4+ 31. Kg1 Nb3 32. Qe3 Nxc1 33. Nxc1 g3 34. fxg3 Nxg3 35. Ne2 Rg8 36. Nxg3 Rxg3 37. Qf2 Qg4 38. Qxf7+ Kh8 39. Bf1 Qxe4 40. b7 Qd4+ 41. Qf2 Rg8 42. Qxd4 exd4 43. Nxd6 1-0

[Event "34.Schlosspark-Open"]
[Site "Wiesbaden-Biebrich"]
[Date "2025.08.29"]
[Round "3.75"]
[White "Mehlen, Theodor"]
[Black "Glaesser, Leonhard"]
[Result "1/2-1/2"]
[WhiteElo "1813"]
[BlackElo "1661"]
[PlyCount "60"]
[EventDate "2025.08.28"]
[WhiteTeam "SC Matt im Park Ffm"]
[BlackTeam "Wiesbaden"]

1. e4 c5 2. Nf3 Nf6 3. e5 Nd5 4. Nc3 e6 5. d4 cxd4 6. Nxd5 Qa5+ 7. c3 Qxd5 8. Qxd4 Qc5 9. Be3 Qc7 10. Qd2 d6 11. exd6 Bxd6 12. O-O-O Be7 13. Bd3 Nc6 14. Qc2 h6 15. Kb1 Bd7 16. Nd4 Nxd4 17. Bxd4 e5 18. Be3 O-O 19. f3 Be6 20. Bf5 Qc6 21. Bxe6 Qxe6 22. Rd2 Rfd8 23. Rhd1 Rxd2 24. Rxd2 b6 25. Qe4 Rb8 26. Rd5 Bd6 27. Qd3 Be7 28. Bf2 Rb7 29. Bg3 f6 30. Bf2 Kh8 1/2-1/2

[Event "34.Schlosspark-Open"]
[Site "Wiesbaden-Biebrich"]
[Date "2025.08.29"]
[Round "3.76"]
[White "Brauch, Manfred"]
[Black "Derr, Georg"]
[Result "1/2-1/2"]
[WhiteElo "1801"]
[BlackElo "1607"]
[PlyCount "40"]
[EventDate "2025.08.28"]
[WhiteTeam "SG Pieroth/Burg Layen"]
[BlackTeam "VSG 1880 Offenbach"]

1. d4 d5 2. Nf3 Nf6 3. e3 e6 4. Nbd2 c5 5. c3 Nbd7 6. Bd3 Bd6 7. O-O O-O 8. Re1 b6 9. e4 dxe4 10. Nxe4 Be7 11. Qc2 Bb7 12. Nxf6+ Nxf6 13. Bg5 h6 14. Be3 Bxf3 15. gxf3 Qd5 16. Qe2 Bd6 17. h3 Qh5 18. Kg2 Nd5 19. Be4 Rae8 20. Rh1 f5 1/2-1/2

[Event "34.Schlosspark-Open"]
[Site "Wiesbaden-Biebrich"]
[Date "2025.08.29"]
[Round "3.77"]
[White "Fröhlich-Dill, Astrid"]
[Black "Will, Elina"]
[Result "1-0"]
[WhiteElo "1786"]
[BlackElo "1606"]
[PlyCount "63"]
[EventDate "2025.08.28"]
[WhiteTeam "SV 1920 Hofheim"]
[BlackTeam "TuS Makkabi Wiesbaden"]

1. d4 Nf6 2. c4 g6 3. Nc3 d5 4. Bf4 Bg7 5. Nf3 O-O 6. h3 Be6 7. Ng5 dxc4 8. Nxe6 fxe6 9. e3 Nc6 10. Bxc4 Nd5 11. Bg3 Na5 12. Be2 c6 13. O-O Qb6 14. Rb1 Rf7 15. Na4 Qd8 16. b4 b5 17. Nc5 Nc3 18. Qc2 Nxb1 19. Rxb1 Nc4 20. Bxc4 bxc4 21. Nxe6 Qd7 22. Qxc4 Kh8 23. Nxg7 Kxg7 24. Be5+ Kf8 25. Rc1 Qf5 26. Qxc6 Qxf2+ 27. Kh1 Re8 28. Bf4 Rf6 29. Bh6+ Kf7 30. Qd5+ e6 31. Qd7+ Re7 32. Qd8 1-0

[Event "34.Schlosspark-Open"]
[Site "Wiesbaden-Biebrich"]
[Date "2025.08.29"]
[Round "3.78"]
[White "Mönch, Dorothée"]
[Black "Schmitz, Bernhard Hubert"]
[Result "1-0"]
[WhiteElo "1768"]
[BlackElo "1598"]
[PlyCount "133"]
[EventDate "2025.08.28"]
[WhiteTeam "Sfr.Mainz 1928"]
[BlackTeam "Vorw.Orient Mainz"]

1. Nf3 c5 2. c4 g6 3. Nc3 Bg7 4. g3 Nc6 5. Bg2 f5 6. d3 Nf6 7. O-O O-O 8. Bd2 h6 9. Qc1 Kh7 10. Nh4 a6 11. Re1 e6 12. e4 fxe4 13. Nxe4 Nxe4 14. Bxe4 Ne7 15. Bc3 e5 16. Qc2 d5 17. cxd5 Qd6 18. Rac1 Bf5 19. Qe2 Nxd5 20. Nxf5 gxf5 21. Bxd5 Qxd5 22. Bxe5 Rfe8 23. f4 Re6 24. b3 Rae8 25. Rcd1 Bxe5 26. fxe5 Rxe5 27. Qf2 Rxe1+ 28. Rxe1 Rxe1+ 29. Qxe1 Kg6 30. Qe8+ Qf7 31. Qe5 b6 32. Kf2 Qf6 33. Qe8+ Qf7 34. Qa8 a5 35. Kf3 Qe7 36. Qc6+ Qf6 37. Qe8+ Qf7 38. Qe5 Qg8 39. Qd5 Qf7 40. Qd8 Qf6 41. Qg8+ Qg7 42. Qb8 Qf6 43. h4 h5 44. Qg8+ Qg7 45. Qd5 Qf7 46. Qe5 Qg7 47. Kf4 Qh6+ 48. Kf3 Qg7 49. Qd5 Qf7 50. Qd8 Qf6 51. Qc7 Kh6 52. Qf4+ Kg6 53. Ke3 Qe6+ 54. Kd2 Qf6 55. Kc2 Kg7 56. Qc7+ Kg6 57. Qd7 Qg7 58. Qxg7+ Kxg7 59. a4 Kf6 60. Kc3 Ke5 61. Kc4 f4 62. gxf4+ Kxf4 63. Kb5 Kg4 64. Kxb6 Kxh4 65. Kxc5 Kg5 66. d4 h4 67. d5 1-0

[Event "34.Schlosspark-Open"]
[Site "Wiesbaden-Biebrich"]
[Date "2025.08.29"]
[Round "3.79"]
[White "Busch, Günther"]
[Black "Schmitt, Clemens"]
[Result "1/2-1/2"]
[WhiteElo "1660"]
[BlackElo "1889"]
[PlyCount "77"]
[EventDate "2025.08.28"]
[WhiteTeam "Sfr Stiller Zug Wiesbaden"]
[BlackTeam "SV Bergwinkel"]

1. Na3 c5 2. c4 Nc6 3. Nf3 g6 4. e4 Bg7 5. d3 d6 6. Nb5 a6 7. Nc3 Rb8 8. Rb1 b5 9. Nd5 e6 10. Ne3 Nge7 11. Bd2 O-O 12. Bc3 e5 13. Be2 Bd7 14. O-O b4 15. Bd2 f5 16. Nd5 Nd4 17. Nxe7+ Qxe7 18. Nxd4 exd4 19. f3 Rbe8 20. Bf4 g5 21. Bg3 f4 22. Bf2 Be5 23. Qe1 Qg7 24. g4 Qh6 25. h4 gxh4 26. Bxh4 Qg7 27. Kf2 Re6 28. Rh1 Rg6 29. Qd2 Bf6 30. Rbg1 Qe7 31. Bxf6 Qxf6 32. Qe1 Rh6 33. Rxh6 Qxh6 34. Rh1 Qg7 35. Qg1 Be8 36. Qh2 Bg6 37. Qh6 Qc7 38. Qg5 Qd7 39. Qd5+ 1/2-1/2

[Event "34.Schlosspark-Open"]
[Site "Wiesbaden-Biebrich"]
[Date "2025.08.29"]
[Round "3.80"]
[White "Stehning, Ralf"]
[Black "Eckert, Michael"]
[Result "1/2-1/2"]
[WhiteElo "1877"]
[BlackElo "1744"]
[PlyCount "122"]
[EventDate "2025.08.28"]
[WhiteTeam "SF Braunfels"]
[BlackTeam "SK Herborn 1946"]

1. d4 d5 2. Nf3 Nf6 3. e3 e6 4. Bd3 Bd6 5. Nbd2 Nbd7 6. c4 dxc4 7. Nxc4 Bb4+ 8. Bd2 Bxd2+ 9. Qxd2 O-O 10. b4 b6 11. O-O c5 12. bxc5 bxc5 13. Nd6 Qe7 14. Nxc8 Rfxc8 15. Ba6 Rc7 16. Rac1 Qd6 17. Qa5 Qb6 18. Qa3 Rc6 19. Bd3 Rb8 20. Rb1 Qc7 21. Rxb8+ Qxb8 22. Rc1 Qc7 23. dxc5 Rxc5 24. Rxc5 Qxc5 25. Qb2 Qd5 26. Bc2 a5 27. h3 g6 28. Bb3 Qb5 29. Qd4 Qc5 30. Qd1 Nb6 31. Nd4 Nbd5 32. Bxd5 Nxd5 33. Nb3 Qc3 34. e4 Nc7 35. a4 Kg7 36. Qd4+ Qxd4 37. Nxd4 Na6 38. Nb3 Kf6 39. f4 g5 40. g3 gxf4 41. gxf4 e5 42. Kf2 exf4 43. Kf3 Ke5 44. Nxa5 Nc5 45. Nc4+ Kd4 46. Nd6 Nxa4 47. Kxf4 Nc5 48. Kf5 f6 49. h4 Ke3 50. h5 Nd7 51. Ne8 Kd4 52. h6 Ne5 53. Nxf6 Nf7 54. Ke6 Ng5+ 55. Kf5 Nf7 56. Kf4 Nxh6 57. e5 Nf7 58. e6 Nd6 59. Nxh7 Kd5 60. Ng5 Ne8 61. Kg4 Kd6 1/2-1/2

[Event "34.Schlosspark-Open"]
[Site "Wiesbaden-Biebrich"]
[Date "2025.08.29"]
[Round "3.81"]
[White "Stehning, Michel"]
[Black "Hipler, Andreas"]
[Result "0-1"]
[WhiteElo "1709"]
[BlackElo "1873"]
[PlyCount "66"]
[EventDate "2025.08.28"]
[WhiteTeam "SF Braunfels"]
[BlackTeam "SK Gau-Algesheim"]

1. d4 Nf6 2. Bf4 e6 3. Nf3 d5 4. e3 Bd6 5. Bg3 O-O 6. Nbd2 c5 7. c3 b6 8. Bd3 Ba6 9. Bxa6 Nxa6 10. Qe2 Nc7 11. Ne5 Bxe5 12. dxe5 Nd7 13. h4 c4 14. h5 f6 15. Nf3 Na6 16. Nd4 Nac5 17. h6 Nxe5 18. hxg7 Rf7 19. Qh5 Rxg7 20. O-O-O Qe8 21. Qh3 Ned3+ 22. Kb1 Qd7 23. Bh4 Rf8 24. f4 f5 25. Rhg1 Ne4 26. Qf3 Rg4 27. Be1 Rf6 28. Nc2 Qb5 29. Rxd3 cxd3 30. Nd4 Qa4 31. Nb3 Nc5 32. Nxc5 Qc2+ 33. Ka1 Qc1# 0-1